Normal view
MARC view
- Supervisor. Muhammad Naseem Baig
Entry Personal Name
001 - CONTROL NUMBER
- control field: 126604
003 - CONTROL NUMBER IDENTIFIER
- control field: NUST
005 - DATE AND TIME OF LATEST TRANSACTION
- control field: 20241030112139.0
008 - FIXED-LENGTH DATA ELEMENTS
- fixed length control field: 241030|| aca||aabn | a|a d
040 ## - CATALOGING SOURCE
- Original cataloging agency: NUST
- Transcribing agency: NUST
100 ## - HEADING--PERSONAL NAME
- Personal name: Supervisor. Muhammad Naseem Baig
670 ## - SOURCE DATA FOUND
- Source citation: Work cat.: (NUST)230055: Sharif Razia 16454, Gender Related Issues in Disasters with Pakistan's Perspective Focusing on 2005 Earthquake and 2010 Floods/, 2014.
